Score 0/61 Timer 10:00
0 Plays Today
Country City % Correct
USANew York
95.2%
AustraliaSydney
93.3%
USALos Angeles
92.9%
BrazilRio De Janeiro
90.7%
USAChicago
89.6%
CanadaToronto
89.4%
TurkeyIstanbul
87.6%
AustraliaMelbourne
86.8%
BrazilSao Paulo
86.5%
CanadaVancouver
85.2%
CanadaMontreal
84.8%
ChinaShanghai
84.6%
IndiaMumbai
84%
South AfricaCape Town
83.5%
USAHouston
83.5%
South AfricaJohannesburg
83.1%
United Arab EmiratesDubai
82.4%
USADallas - Fort Woth
81.8%
SwitzerlandZurich
80.7%
AustraliaPerth
79.3%
New ZealandAuckland
77.5%
SwitzerlandGeneva
75.7%
NigeriaLagos
74.3%
USAPhiladelphia
72.9%
PakistanKarachi
72.6%
MoroccoCasablanca
72.2%
VietnamHo Chi Minh City
70.8%
USAMiami
67.8%
AustraliaBrisbane
64.9%
CanadaCalgary
64.4%
AustraliaAdelaide
62.1%
Country City % Correct
PakistanLahore
59.6%
New ZealandChristchurch
56.4%
South AfricaDurban
56.3%
MyanmarYangon
53.1%
KazakhstanAlmaty
46.3%
Cote D'IvoireAbidjan
41.9%
SwitzerlandBasel
39.9%
BrazilSalvador
36.9%
EcuadorGuayaquil
36.1%
BoliviaSanta Cruz De La Sierra
31.2%
NigeriaKano
31.2%
AustraliaGold Coast
29%
CameroonDouala
27.6%
SwitzerlandLausanne
26.5%
NigeriaIbadan
23.5%
NigeriaBenin City
22.8%
PakistanFaisalabad
20.9%
PakistanHyderabad
20.9%
MyanmarMandalay
19.4%
LiechtensteinSchaan
19.2%
BeninCotonou
18.1%
PakistanRawalpindi
17.8%
SudanUmm Durmān
14.6%
GambiaKanifeng
5.7%
NigeriaAba
4%
Cote D'IvoireBouaké
3.3%
GambiaBrikama
1.6%
South AfricaGermiston
1.5%
BruneiKampong Ayer
1.4%
BeninAbomey-Calavi
1.4%
Remove Ads.
Support Sporcle.
Get the best of Sporcle when you Go Orange. This ad-free experience offers more features, more stats, and more fun while also helping to support Sporcle. Thank you for becoming a member.

You're not logged in!

Compare scores with friends on all Sporcle quizzes.
OR
Log In

Show Comments

Extras

Top Quizzes Today


Score Distribution

Your Account Isn't Verified!

In order to create a playlist on Sporcle, you need to verify the email address you used during registration. Go to your Sporcle Settings to finish the process.

Report this User

Report this user for behavior that violates our Community Guidelines.

Details: